La famille Bridgerton en 15 secondes - Statistiques

Statistiques générales
  • Ce quiz a été pris 2 166 fois
  • Le résultat moyen est 5 sur 10
Statistiques - réponses
Hint Réponse % Correct
Le 1er enfant Anthony
87%
Le 4ème enfant Daphné
68%
La vicomtesse Violet
67%
Le 2ème enfant Benedict
57%
Le 3ème enfant Colin
52%
Le vicomte Edmund
51%
Le 5ème enfant Eloise
38%
Le 6ème enfant Francesca
14%
Le 7ème enfant Gregory
14%
Le 8ème enfant Hyacinthe
11%
Aucun quiz correspondant
Distribution des résultats
% des personnes avec chaque résultat
Percentile par nombre de réponses
Votre historique - résultats
Vous n’avez pas pris ce quiz